| 000 | 00671cam a22002175a 4500 | ||
|---|---|---|---|
| 001 | L159677 | ||
| 008 | 150226s2017 xxk f 000 0 eng d | ||
| 035 | _a(Sirsi) u159677 | ||
| 041 | 0 | _aeng | |
| 100 | 1 | _aOrton-Jones, Charles | |
| 245 | 0 | 0 | _aWork the numbers |
| 260 | _c2017 | ||
| 490 |
_aModus _vApril 2017, 18-21 (4) |
||
| 520 | _aLooks at how internet-of-things technology brings more efficient, low-effort offices with lower energy consumption and vastly more effective facility management. | ||
| 590 | _aKA | ||
| 650 | 2 | 4 | _aINTERNET-OF-THINGS |
| 650 | 2 | 4 | _aOFFICE USE |
| 650 | 2 | 4 | _aENERGY EFFICIENCY |
| 690 |
_aFacilities management _96240 |
||
| 942 | _n0 | ||
| 999 |
_c84904 _d84904 |
||